书目信息 |
| 题名: |
书圣之道
|
|
| 作者: | 王兆军, 著 | |
| 分册: | ||
| 出版信息: | 北京 作家出版社 2014.1 |
|
| 页数: | 335页, [6] 页图版 | |
| 开本: | 23cm | |
| 丛书名: | 中国历史文化名人传丛书 | |
| 单 册: | ||
| 中图分类: | K825.72 | |
| 科图分类: | ||
| 主题词: | 书法家--shu fa jia--传记--中国--东晋时代 | |
| 电子资源: | ||
| ISBN: | 978-7-5063-7130-8 | |
| 000 | 01228nam 2200301 450 | |
| 001 | 0100004517 | |
| 005 | 20140303134925.8 | |
| 010 | @a978-7-5063-7130-8@dCNY35.00 | |
| 100 | @a20140104d2014 em y0chiy0121 ea | |
| 101 | 0 | @achi |
| 102 | @aCN@b110000 | |
| 105 | @aacf a 000yb | |
| 106 | @ar | |
| 200 | 1 | @a书圣之道@Ashu sheng zhi dao@e王羲之传@f王兆军著 |
| 210 | @a北京@c作家出版社@d2014.1 | |
| 215 | @a335页, [6] 页图版@c图, 肖像@d23cm | |
| 225 | 2 | @a中国历史文化名人传丛书@Azhong guo li shi wen hua ming ren zhuan cong shu |
| 314 | @a王兆军, 男, 1947年生, 山东临沂人。中国作家协会会员。主要从事小说、散文及报告文学创作, 兼及文化研究与美术评论。 | |
| 320 | @a有书目 (第333-334页) | |
| 330 | @a本书从历史背景的高度入手, 从王氏家族的兴衰讲起, 展现了一代书法名家王羲之传奇的一生, 展现了书法名作《兰亭集序》的诞生过程及深远影响。作者笔法娴熟, 文字风格独树一帜, 深具文学魅力。 | |
| 410 | 0 | @12001 @a中国历史文化名人传丛书 |
| 517 | 1 | @a王羲之传@Awang xi zhi zhuan |
| 600 | 0 | @a王羲之,@Awang xi zhi@f303-361@x传记 |
| 606 | 0 | @a书法家@Ashu fa jia@x传记@y中国@z东晋时代 |
| 690 | @aK825.72@v5 | |
| 701 | 0 | @a王兆军,@Awang zhao jun@f1947-@4著 |
| 801 | 0 | @aCN@c20160515 |
| 905 | @a河南城建学院图书馆@dK825.72@eW389 | |
| 书圣之道:王羲之传/王兆军著.-北京:作家出版社,2014.1 |
| 335页, [6] 页图版:图, 肖像;23cm.-(中国历史文化名人传丛书) |
| ISBN 978-7-5063-7130-8:CNY35.00 |
| 本书从历史背景的高度入手, 从王氏家族的兴衰讲起, 展现了一代书法名家王羲之传奇的一生, 展现了书法名作《兰亭集序》的诞生过程及深远影响。作者笔法娴熟, 文字风格独树一帜, 深具文学魅力。 |
| ● |
| 相关链接 |
|
|
|
正题名:书圣之道
索取号:K825.72/W389
 
预约/预借
| 序号 | 登录号 | 条形码 | 馆藏地/架位号 | 状态 | 备注 |
| 1 | 1252979 | 212529799 | 社科库309/309社科库 54排2列1层/ [索取号:K825.72/W389] | 在馆 | |
| 2 | 1252980 | 212529806 | 社科库309/309社科库 54排2列1层/ [索取号:K825.72/W389] | 在馆 | |
| 3 | 1252981 | 212529815 | 社科库309/309社科库 54排2列1层/ [索取号:K825.72/W389] | 在馆 |